Effect of Varying Schedule and Limited Frequency of Irrigation on the Yield of Late Sown Wheat (Record no. 50386)

MARC details
000 -LEADER
fixed length control field 00453nam a22001697a 4500
003 - CONTROL NUMBER IDENTIFIER
control field OSt
008 - FIXED-LENGTH DATA ELEMENTS--GENERAL INFORMATION
fixed length control field 260504b |||||||| |||| 00| 0 eng d
082 ## - DEWEY DECIMAL CLASSIFICATION NUMBER
Classification number 633.11
Item number V84E
100 ## - MAIN ENTRY--PERSONAL NAME
Personal name Vishwakarma, Sanjay Kr.
245 ## - TITLE STATEMENT
Title Effect of Varying Schedule and Limited Frequency of Irrigation on the Yield of Late Sown Wheat
260 ## - PUBLICATION, DISTRIBUTION, ETC. (IMPRINT)
Place of publication, distribution, etc Pusa
Name of publisher, distributor, etc RAU
Date of publication, distribution, etc 1980
300 ## - PHYSICAL DESCRIPTION
Extent 67P.
502 ## - DISSERTATION NOTE
Degree type Msc.
Year degree granted 1980
650 ## - SUBJECT ADDED ENTRY--TOPICAL TERM
Topical term or geographic name as entry element Agronomy
650 ## - SUBJECT ADDED ENTRY--TOPICAL TERM
Topical term or geographic name as entry element 1980
942 ## - ADDED ENTRY ELEMENTS (KOHA)
Source of classification or shelving scheme
Koha item type Thesis
Holdings
Withdrawn status Lost status Source of classification or shelving scheme Damaged status Not for loan Home library Current library Date acquired Total Checkouts Full call number Barcode Date last seen Bill Date Koha item type
          Dr. Rajendra Prasad Central Agricultural University Pusa, Dr. Rajendra Prasad Central Agricultural University Pusa, 04/05/2026   633.11 V84E 31482 04/05/2026 04/05/2026 Thesis
Hosted, Implemented, Customized & Maintained by: BestBookBuddies

Powered by Koha